<?xml version="1.0" encoding="UTF-8"?>
<record
    xmlns:xsi="http://www.w3.org/2001/XMLSchema-instance"
    xsi:schemaLocation="http://www.loc.gov/MARC21/slim http://www.loc.gov/standards/marcxml/schema/MARC21slim.xsd"
    xmlns="http://www.loc.gov/MARC21/slim">

  <leader>00569nam a22001817a 4500</leader>
  <controlfield tag="005">20170908151017.0</controlfield>
  <datafield tag="010" ind1=" " ind2=" ">
    <subfield code="a">ENG-120371</subfield>
  </datafield>
  <datafield tag="020" ind1=" " ind2=" ">
    <subfield code="a">9789384566005</subfield>
    <subfield code="c">2000</subfield>
  </datafield>
  <datafield tag="035" ind1=" " ind2=" ">
    <subfield code="a">EN-103903</subfield>
  </datafield>
  <datafield tag="037" ind1=" " ind2=" ">
    <subfield code="b">DBAD/PUB</subfield>
  </datafield>
  <datafield tag="082" ind1=" " ind2=" ">
    <subfield code="a">909.09824</subfield>
  </datafield>
  <datafield tag="100" ind1=" " ind2=" ">
    <subfield code="a">Mukherjee,Arindam</subfield>
  </datafield>
  <datafield tag="245" ind1=" " ind2=" ">
    <subfield code="a">The Indian ocean civilisation /</subfield>
    <subfield code="c">by Arindam Mukherjee /</subfield>
  </datafield>
  <datafield tag="260" ind1=" " ind2=" ">
    <subfield code="a">Kolkata</subfield>
    <subfield code="b">Institute of social and cultural studies</subfield>
    <subfield code="c">2015</subfield>
  </datafield>
  <datafield tag="270" ind1=" " ind2=" ">
    <subfield code="a">48/2,Dr.suresh Sarkar Road </subfield>
    <subfield code="b">Kolkata</subfield>
    <subfield code="e">700014</subfield>
  </datafield>
  <datafield tag="300" ind1=" " ind2=" ">
    <subfield code="a">94p.:</subfield>
    <subfield code="c">29cm(Hb)</subfield>
    <subfield code="b">ill(coll)</subfield>
  </datafield>
  <datafield tag="942" ind1=" " ind2=" ">
    <subfield code="2">ddc</subfield>
    <subfield code="c">EN</subfield>
    <subfield code="h">909.09824</subfield>
    <subfield code="m">MUK</subfield>
  </datafield>
  <datafield tag="999" ind1=" " ind2=" ">
    <subfield code="c">144224</subfield>
    <subfield code="d">144224</subfield>
  </datafield>
  <datafield tag="952" ind1=" " ind2=" ">
    <subfield code="0">0</subfield>
    <subfield code="1">0</subfield>
    <subfield code="4">0</subfield>
    <subfield code="7">1</subfield>
    <subfield code="8">NFIC</subfield>
    <subfield code="a">DBAD</subfield>
    <subfield code="b">DBAD</subfield>
    <subfield code="d">2017-09-08</subfield>
    <subfield code="e">DBAD/PUB</subfield>
    <subfield code="g">2000.00</subfield>
    <subfield code="l">0</subfield>
    <subfield code="o">909.09824 MUK</subfield>
    <subfield code="p">EN-103903</subfield>
    <subfield code="r">2017-09-08 00:00:00</subfield>
    <subfield code="t">1</subfield>
    <subfield code="v">2000.00</subfield>
    <subfield code="w">2017-09-08</subfield>
    <subfield code="y">EN</subfield>
  </datafield>
</record>
